Words that are opposites

Bibliographic Details
Format: Book
Published: London : The Walt Disney Company , 1976
Subjects:

MARC

LEADER 00000cam a2200000 7i4500
001 0000008870
005 20080423.0
020 |a 717281140 
090 0 0 |a JF   |b WOR 
245 0 0 |a Words that are opposites 
260 |a London :   |b The Walt Disney Company ,   |c 1976 
300 |a 158p. :   |b ill. ;   |c 26cm. 
650 0 0 |a Words   |x Juvenile literature 
999 |a 00319442   |b BUKU   |c PINJAMAN   |e PERPUSTAKAAN KOMUNITI PETALING JAYA 
999 |a 023564   |b BUKU   |c PINJAMAN   |e PERPUSTAKAAN KOMUNITI PETALING JAYA 
999 |a 023565   |b BUKU   |c PINJAMAN   |e PERPUSTAKAAN KOMUNITI PETALING JAYA